LEADER 00946nam0-22003011i-450- 001 990000809160403321 005 20160802095206.0 035 $a000080916 035 $aFED01000080916 035 $a(Aleph)000080916FED01 035 $a000080916 100 $a20020821d19251964km-y0itay50------ba 101 0 $aita 105 $ay-------001yy 200 1 $a[Studi di urbanistica per la cittą di Napoli$eraccolta di miscellanea$fdi Guido Milone] 210 $a[Napoli$cS.A. Richter & C.$d1925-1964] 215 $a15 fasc. leg. in 1 v. (varie sequenze)$cpiante$d29 cm 610 0 $aNAPOLI$aurbanistica$asec. XX 610 0 $aNAPOLI$arisanamento 610 0 $aNAPOLI$arione Caritą 700 1$aMilone,$bGuido$0344064 801 0$aIT$bUNINA$gRICA$2UNIMARC 901 $aBK 912 $a990000809160403321 952 $aRARI C 228$b7747$fFARBC 959 $aFARBC 996 $aStudi di urbanistica per la cittą di Napoli$9352341 997 $aUNINA